Reflexiones sobre los evangelios de domínica, alicio del párroco en la predicación de homilías.

Detalles Bibliográficos
Autor principal: SANTA MARIA PEÑA, Federico
Formato: Libro
Publicado: Madrid 1915
Materias:
Colección:Banco de datos
Acervo:Biblioteca del Convento de Santa Mónica de la Ciudad de Puebla. Puebla
Descripción Física:vol. I
Tema general:Homilética
Notas:Buena. F6, 7.
LEADER 00692nam a22002050004500
035 |a 50692 
036 |a 460 
100 1 |a SANTA MARIA PEÑA, Federico 
245 1 0 |a Reflexiones sobre los evangelios de domínica, alicio del párroco en la predicación de homilías. 
260 |a Madrid  |b Enrique Teodoro imp.  |c 1915 
300 |a vol. I 
500 |a Buena. F6, 7. 
650 1 0 |a Homilética 
949 |a CRP 
959 |a Ex convento de Santa Mónica. Puebla, Puebla  |b CCC5 
960 |a Convento de Santa Mónica de la ciudad de Puebla  |b DD88 
961 |a Franciscana  |b OF 
942 |c CRP-SM 
943 |g Biblioteca del Convento de Santa Mónica de la Ciudad de Puebla. Puebla 
999 |c 961030  |d 961030